02138nam a2200277 a 4500001001000000005001700010008004100027041000800068044000800076084002000084100004500104245009400149260004900243300001700292500042800309500003900737500072700776500007401503500000901577650005201586650005601638650003401694650004501728700003701773740005001810BRCA_242920190320203814.0141108s1781----enk#---###---#000-0#spa-u aspa aenk a067b.E27c17811 aCervantes Saavedra, Miguel ded1547-161610aHistoria del famoso cavallero Don Quixote de la Manchacpor Miguel de Cervantes Saavedra. aSalisbury (Inglaterra)bEduardo Eastonc1781 a3 v.c29 cm. aContenido : v 1. Primera parte. Dedicatoria al Lord Huntington por John Bowle, en inglés. Dedicatoria del autor. Prólogo del autor. Versos preliminares. Texto. -- v 2. Segunda parte. Dedicatoria del autor. Prólogo del autor. Texto. -- v 3. Anotaciones de la historia de D. Quixote de la Mancha por el Rev. Juan Bowle. Prólogo del editor. Lista de autores citados en las anotaciones. Prólogo a los índices. Texto aEdición : Anotada por John Bowle aEjemplar de la primera tirada de la célebre edición del primer comentarista y anotador del Quijote, el inglés John Bowle, que aportó las materias para los comentarios posteriores de los españoles Pellicer, Arrieta, Clemencín y otros. No sabiendo hablar español, dedicó Bowle 14 años de estudio para aprenderlo, editar y anotar esta magna obra. Para el texto tomó por modelo las ediciones segunda y tercera de Cuesta (1605 y 1608), para la primera parte, especialmente la última. Para la segunda parte siguió a la príncipe. La parte tipográfica es esmeradísima y digna de encomio, máxime que se trata de una edición publicada en un país cuya lengua no es la de Cervantes Lúdovik Osterc aIncluye índice : De nombres y de palabras principales en D. Quixote aQM5514aNovela españolayÉpoca clásica, 1500-170014aLiteratura españolayÉpoca clásica, 1500-170014aNovela españolaySiglo XVII14aDon Quijote (Personaje ficticio)eNovela1 aBowle, Johnd1725-1788eAnotador0 aEl Ingenioso Hidalgo Don Quijote de la Mancha